Computer Applications for Journalism (Record no. 10853)

MARC details
000 -LEADER
fixed length control field 00359nam a2200133Ia 4500
008 - FIXED-LENGTH DATA ELEMENTS--GENERAL INFORMATION
fixed length control field 191201s2011 xx 000 0 und d
082 ## - DEWEY DECIMAL CLASSIFICATION NUMBER
Classification number 070.4
Item number SIC
100 ## - MAIN ENTRY--PERSONAL NAME
Personal name SINGHAI, Rahul
245 #0 - TITLE STATEMENT
Title Computer Applications for Journalism
260 ## - PUBLICATION, DISTRIBUTION, ETC. (IMPRINT)
Place of publication, distribution, etc New delhi
Name of publisher, distributor, etc Reference Press
Date of publication, distribution, etc 2006
300 ## - PHYSICAL DESCRIPTION
Extent 226
650 ## - SUBJECT ADDED ENTRY--TOPICAL TERM
Topical term or geographic name as entry element Bachelor of Mass Communication
942 ## - ADDED ENTRY ELEMENTS (KOHA)
Source of classification or shelving scheme Dewey Decimal Classification
Koha item type Text Books
Holdings
Withdrawn status Lost status Source of classification or shelving scheme Damaged status Not for loan Collection code Home library Current library Date acquired Source of acquisition Currency Cost, normal purchase price Bill Number Total Checkouts Full call number Acc. no. / Barcode Date last seen Actual Cost, discounted price Bill Date Koha item type
    Dewey Decimal Classification     Bachelor Of Mass Communication PIET NCR College Library PIET NCR College Library 11/08/2021 Kirti Prakashan IN Rupees 550.00 IN2357   070.4 SIC N1899 17/08/2021 412.50 11/08/2021 Text Books
    Dewey Decimal Classification     Bachelor Of Mass Communication PIET NCR College Library PIET NCR College Library 11/08/2021 Kirti Prakashan IN Rupees 550.00 IN2357   070.4 SIC N1900 17/08/2021 412.50 11/08/2021 Text Books
    Dewey Decimal Classification     Bachelor Of Mass Communication PIET NCR College Library PIET NCR College Library 11/08/2021 Kirti Prakashan IN Rupees 550.00 IN2357   070.4 SIC N1901 17/08/2021 412.50 11/08/2021 Text Books
    Dewey Decimal Classification     Bachelor Of Mass Communication PIET NCR College Library PIET NCR College Library 11/08/2021 Kirti Prakashan IN Rupees 550.00 IN2357   070.4 SIC N1902 17/08/2021 412.50 11/08/2021 Reference Books
    Dewey Decimal Classification     Bachelor Of Mass Communication PIET NCR College Library PIET NCR College Library 11/08/2021 Kirti Prakashan IN Rupees 550.00 IN2357   070.4 SIC N1903 17/08/2021 412.50 11/08/2021 Text Books

Design & Developed by: PIET Central Library
R70 Miles Stone Pattikalyana Samalkha Panipat 132102
mail ID :- [email protected], Phone No:- 0180-2569700 Ex.216